Statistiques concernant Pays du monde contenant un P

Cliquez ici pour prendre le quiz!

Statistiques générales

  • Ce quiz a été pris 1 075 fois
  • Le résultat moyen est 14 sur 24

Statistiques - réponses

Pays% Correct
Portugal
91%
Pologne
85%
Pérou
84%
Pakistan
79%
Paraguay
76%
Panama
73%
Papouasie-Nouvelle-Guinée
72%
Palaos
68%
Philippines
67%
Pays-Bas
62%
République démocratique du Congo
61%
République dominicaine
60%
République tchèque
60%
Espagne
54%
République Centrafricaine
51%
Japon
48%
Cap-Vert
45%
Égypte
40%
Népal
37%
Singapour
36%
Sao Tomé-et-Principe
33%
Éthiopie
31%
Chypre
30%
Saint-Christophe-et-Niévès
30%

Distribution des résultats

Percentile par nombre de réponses

% des personnes avec chaque résultat

Votre développement - résultats

Vous n’avez pas pris ce quiz